Positional parameters of EMG for upper limb amputations /
Saved in:
| 主要作者: | |
|---|---|
| 格式: | Thesis 图书 |
| 语言: | English |
| 出版: |
2018.
|
| 主题: | |
| 在线阅读: | http://studentsrepo.um.edu.my/9522/ |
| 标签: |
添加标签
没有标签, 成为第一个标记此记录!
|
| LEADER | 01474cam a2200373 i 4500 | ||
|---|---|---|---|
| 001 | u1103680 | ||
| 003 | SIRSI | ||
| 005 | 201901021115 | ||
| 008 | 190102s2018 my a m 000 0 eng | ||
| 040 | |a UMM |d UMJ |e rda | ||
| 090 | |a R856.4 |b UM 2018 Oma | ||
| 097 | |a R856.4 |b UM 2018 Oma | ||
| 100 | 1 | |a Omar, Abdirahman Hadi, |e author. | |
| 245 | 1 | 0 | |a Positional parameters of EMG for upper limb amputations / |c Abdirahman Hadi Omar. |
| 264 | 1 | |c 2018. | |
| 300 | |a xv, 73 leaves : |b illustrations ; |c 30 cm. | ||
| 336 | |a text |2 rdacontent | ||
| 337 | |a unmediated |2 rdamedia | ||
| 338 | |a volume |2 rdacarrier | ||
| 502 | |b M.Eng. |c Jabatan Kejuruteraan Bioperubatan, Fakulti Kejuruteraan, Universiti Malaya |d 2018. | ||
| 504 | |a Bibliography: leaves 49-51. | ||
| 530 | |a Also issued in CD. | ||
| 650 | 0 | |a Arm |x Amputation. | |
| 650 | 0 | |a Artificial arms. | |
| 650 | 0 | |a Artificial hands. | |
| 650 | 0 | |a Electromyography. | |
| 650 | 0 | |a Prosthesis. | |
| 710 | 2 | |a Universiti Malaya. |b Jabatan Kejuruteraan Bioperubatan, |e degree granting institution. | |
| 856 | 4 | 1 | |u http://studentsrepo.um.edu.my/9522/ |
| 900 | |a NNANS AMA NSM | ||
| 596 | |a 1 7 | ||
| 999 | |a R856.4 UM 2018 OMA |w LC |c 1 |i A517217827 |f 11/2/2019 |g 1 |l STACKS |m P01UTAMA |r Y |s Y |t TESIS |u 11/2/2019 |1 STEM | ||
| 999 | |a R856.4 UM 2018 OMA |w LC |c 1 |i A516954635 |f 2/5/2019 |g 1 |l STACKS |m P07JURUTER |r Y |s Y |t TESIS |u 2/5/2019 |1 STEM | ||
| 999 | |a R856.4 UM 2018 OMA |w LC |c 2 |i A516954613 |f 2/5/2019 |g 1 |l COUNTER |m P07JURUTER |r Y |s Y |t CD |u 2/5/2019 |1 STEM | ||
